LEADER 01018nam a2200241 i 4500 001 000000052519 003 CaOOAMICUS 005 20150421000000.0 008 150421s1861 xx u000 u fre u 013 $a23691 040 $aSeMil$bita 100 1 $aCloquet, Louis,$d<1849-1920>.$0(OLS)http://semarc/name/25921 245 10$aEléments d'iconographie chrétienne :$btypes symboliques /$cdi L. Cloquet. 260 $aLille :$bDesclée, de Brouwer & Cie,$c1861. 300 $a387 p. :$bill. ;$c24 cm. 490 0 $aBibliothèque de familles 650 4$aIconografia sacra.$0(OLS)http://semarc/subject/416 830 0$aBibliothèque de familles.$0(OLS)http://semarc/title/12764 850 $aSeMil 852 $aSeMil$W1$xVenegono$y1$m3E IV 63 FA$j18673$B18673$CSeMilBibl$Z2$F18675 $8I 961 $aOmaggio: Donazione 996 $6245$aEléments d'iconographie chrétienne :$btypes symboliques$9(OLS)http://semarc/title/80601 996 $6260$aLille :$bDesclée, de Brouwer & Cie$9(OLS)http://semarc/publisher/32638 LEADER 00833nam a2200229 i 4500 001 000000084772 003 CaOOAMICUS 005 20180830145951.0 008 180830s1935 xx u000 u und u 013 $a57012 020 $a88-343- 040 $aSeMil$bita 100 1 $aBirot, Louis <1863-1936>.$0(OLS)http://semarc/name/20779 245 13$aIl Santo Sacrificio. 260 $aMilano :$bVita e Pensiero,$c1935. 300 $a172 p. 650 4$aEucaristia - Teologia sistematica.$0(OLS)http://semarc/subject/5569 850 $aSeMil 852 $aSeMil$W1$xVenegono$y1$m44 283 *$j48961$B48961$CSeMilBibl$Z2$F52371 $81 996 $6020$a88-343-$9(OLS)http://semarc/number/63795 996 $6245$aIl Santo Sacrificio$9(OLS)http://semarc/title/131412 996 $6260$aMilano :$bVita e Pensiero$9(OLS)http://semarc/publisher/29642